000 01664nam0a2200349 4500
001 RU\NLR\bibl\72246
005 20250615175342.0
010 _a5-88422-189-4
_9450
021 _aRU
_b1999-43926
_92160
035 _a(NLR Aleph) 001340839
090 _a859746
_c859746
100 _a20000225d1999 |||y0rusy50 ca
101 0 _arus
_aeng
102 _aRU
105 _aa |||||||||
200 1 _aЕврейская тема и творчество советских художников-евреев в книжном знаке (экслибрисе)
_eКат. выст. кн. знаков из собр. Эдуарда Гетманского
_f[Сост. и авт. вступ. ст. Эдуард Гетманский]
210 _aТула
_cБ.и.
_d1999
215 _a122 с.
_cил.14х20
300 _aВ надзаг.: Обществ. орг. "Евр. агентство в России", Тул. регион. евр. культ. центр "Еруша" (Наследие)
300 _aНа обороте тит. л.: Общинный фестиваль евр. книги
300 _aЧасть текста на англ. яз.
606 0 _aЭкслибрисы
_xКоллекция Э.Д.Гетманского. Тула, город
_yСССР
_92155735
_3RU\NLR\auth\661297803
686 _aЩ153(2)7л61
686 _aЩ101.3(2Р)-4Гетманский
702 1 _aГетманский
_bЭ.
_gЭдуард
_4220
801 0 _aRU
_bNLR
_c20000225
_gPSBO
801 1 _aRU
_bNLR
_c20000225
852 _aNLR
_bЭ
_jКТ820/1999
942 _cBOOK
980 _aNB